000 00604nam a22002177a 4500
003 UA-OsUOA
001 54465
007 ta
008 20080612b un ||||| |||| 00| 0 ukr d
100 _aТатар В.
090 _a82
_bТ-12
942 _cSA
040 _aUA-OsUOA
_bukr
_cUA-OsUOA
_dUA-OsUOA
245 _aОсобистість Володимира Сосюри (Спроба наочного узагальнення)
300 _aС.34-19
955 _a0
041 _aukr
080 _a82
773 0 _w54464
650 7 _a82 Література. Літературознавство
_2UDC
999 _c340336
_d340336